Normal view
MARC view
- Stroscio, Michael A.,
Entry Personal Name
001 - CONTROL NUMBER
- control field: 3467
003 - CONTROL NUMBER IDENTIFIER
- control field: NUST
005 - DATE AND TIME OF LATEST TRANSACTION
- control field: 20170719170754.0
008 - FIXED-LENGTH DATA ELEMENTS
- fixed length control field: 170719|| aca||aabn | a|a d
040 ## - CATALOGING SOURCE
- Original cataloging agency: NUST
- Transcribing agency: NUST
100 ## - HEADING--PERSONAL NAME
- Personal name: Stroscio, Michael A.,
- Dates associated with a name: 1949-
670 ## - SOURCE DATA FOUND
- Source citation: Work cat.: (NUST)0: Mitin, V. V. (Vladimir Vasilʹevich) 3464, Introduction to nanoelectronics :, c2008.
